| 000 | 00616nam a22002057a 4500 | ||
|---|---|---|---|
| 003 | OSt | ||
| 005 | 20250717025146.0 | ||
| 008 | 250717b |||||||| |||| 00| 0 eng d | ||
| 020 | _a978-971-9905-20-2. | ||
| 040 |
_aDWCL-Main lib _cOC |
||
| 082 | _aFil. 338.4 L732u 2011 | ||
| 100 | _aLim, Romeao D. | ||
| 245 |
_aUnderstanding travel and tours essentials/ _cRomeao D. Lim |
||
| 260 |
_aIntramuros, Manila : _bMindshapers Co., Inc. |
||
| 300 |
_a ix, 277 pages ; _c26 cm. |
||
| 504 | _aIncludes bibliographical references. | ||
| 650 | _a1. Tourism. | ||
| 650 | _a2. Travel. | ||
| 942 |
_2ddc _cBK - FIL _kFil. _n0 |
||
| 999 |
_c3729 _d3729 |
||